00515nam a2200193 a 4500001001300000003000900013005001700022008004100039020001000080082001700090100002500107245004800132260004100180300000900221500003500230505001000265650002100275700002500296nice12345678IN_TiNIC20260116015146.0050524s1963 lona grp 000 0 eng  ac10000a296.311bROB aRobinson, Theodore H aProphecy and the Prophets in Ancient Israel aLondonbGerald Duckworth & Co.c1963 a224p aincludes index and biblioraphy2 aIndex aProphecy-Judaism1 aRobinson, Theodore H